All the wild that remains (Record no. 287273)
[ view plain ]
| 000 -LEADER | |
|---|---|
| fixed length control field | 01767nim a22004458a 4500 |
| 001 - CONTROL NUMBER | |
| control field | rnd90000339 |
| 003 - CONTROL NUMBER IDENTIFIER | |
| control field | CtWfDGI |
| 005 - DATE AND TIME OF LATEST TRANSACTION | |
| control field | 20200320194116.0 |
| 007 - PHYSICAL DESCRIPTION FIXED FIELD--GENERAL INFORMATION | |
| fixed length control field | sd fungnnmmned |
| 008 - FIXED-LENGTH DATA ELEMENTS--GENERAL INFORMATION | |
| fixed length control field | 140908s2015 mdunnnn zb n eng d |
| 020 ## - INTERNATIONAL STANDARD BOOK NUMBER | |
| International Standard Book Number | 9781490659008 |
| 028 01 - PUBLISHER NUMBER | |
| Publisher number | ND0339 |
| Source | Recorded Books |
| 040 ## - CATALOGING SOURCE | |
| Original cataloging agency | CtWfDGI |
| Language of cataloging | eng |
| Transcribing agency | CtWfDGI |
| 043 ## - GEOGRAPHIC AREA CODE | |
| Geographic area code | n-usp-- |
| -- | n-us--- |
| 050 14 - LIBRARY OF CONGRESS CALL NUMBER | |
| Classification number | PS3551.B2 |
| Item number | Z66 2015b |
| 082 04 - DEWEY DECIMAL CLASSIFICATION NUMBER | |
| Classification number | 813/.54 |
| -- | B |
| Edition number | 23 |
| 100 1# - MAIN ENTRY--PERSONAL NAME | |
| Personal name | Gessner, David, |
| Dates associated with a name | 1961- |
| 9 (RLIN) | 5900656 |
| 245 10 - TITLE STATEMENT | |
| Title | All the wild that remains |
| Medium | [sound recording] : |
| Remainder of title | Edward Abbey, Wallace Stegner, and the American west / |
| Statement of responsibility, etc | David Gessner. |
| 250 ## - EDITION STATEMENT | |
| Edition statement | Unabridged. |
| 260 ## - PUBLICATION, DISTRIBUTION, ETC. (IMPRINT) | |
| Place of publication, distribution, etc | Prince Frederick, MD : |
| Name of publisher, distributor, etc | Recorded Books, |
| Date of publication, distribution, etc | p2015. |
| 300 ## - PHYSICAL DESCRIPTION | |
| Extent | sound discs ( hr., min.) : |
| Other physical details | digital ; |
| Dimensions | 4 3/4 in. |
| 490 0# - SERIES STATEMENT | |
| Series statement | ITK audio |
| 500 ## - GENERAL NOTE | |
| General note | Title from container. |
| 500 ## - GENERAL NOTE | |
| General note | Compact disc. |
| 500 ## - GENERAL NOTE | |
| General note | In container (17 cm.). |
| 500 ## - GENERAL NOTE | |
| General note | "With tracks every 3 minutes for easy book marking"--Container. |
| 600 10 - SUBJECT ADDED ENTRY--PERSONAL NAME | |
| Personal name | Abbey, Edward, |
| Dates associated with a name | 1927-1989 |
| 9 (RLIN) | 5900657 |
| 600 10 - SUBJECT ADDED ENTRY--PERSONAL NAME | |
| Personal name | Stegner, Wallace, |
| Dates associated with a name | 1909-1993. |
| 9 (RLIN) | 5887040 |
| 650 #0 - SUBJECT ADDED ENTRY--TOPICAL TERM | |
| Topical term or geographic name as entry element | Authors, American |
| Chronological subdivision | 20th century |
| Form subdivision | Biography. |
| 9 (RLIN) | 5683687 |
| 650 #0 - SUBJECT ADDED ENTRY--TOPICAL TERM | |
| Topical term or geographic name as entry element | Environmentalists |
| Geographic subdivision | United States |
| Form subdivision | Biography. |
| 9 (RLIN) | 5691023 |
| 650 #0 - SUBJECT ADDED ENTRY--TOPICAL TERM | |
| Topical term or geographic name as entry element | Conservationists |
| Geographic subdivision | United States |
| Form subdivision | Biography. |
| 9 (RLIN) | 5703360 |
| 650 #0 - SUBJECT ADDED ENTRY--TOPICAL TERM | |
| Topical term or geographic name as entry element | Environmentalism in literature. |
| 9 (RLIN) | 5900658 |
| 650 #0 - SUBJECT ADDED ENTRY--TOPICAL TERM | |
| Topical term or geographic name as entry element | Environmentalism |
| Geographic subdivision | West (U.S.) |
| 9 (RLIN) | 5900659 |
| 651 #0 - SUBJECT ADDED ENTRY--GEOGRAPHIC NAME | |
| Geographic name | West (U.S.) |
| General subdivision | Environmental conditions. |
| 9 (RLIN) | 5770329 |
| 655 #7 - INDEX TERM--GENRE/FORM | |
| Genre/form data or focus term | Audiobooks. |
| Source of term | lcgft |
| 9 (RLIN) | 5900660 |
| 710 2# - ADDED ENTRY--CORPORATE NAME | |
| Corporate name or jurisdiction name as entry element | Recorded Books, LLC. |
| 9 (RLIN) | 5674251 |
| 942 ## - ADDED ENTRY ELEMENTS (KOHA) | |
| Koha item type | CD |
| 948 ## - LOCAL PROCESSING INFORMATION (OCLC); SERIES PART DESIGNATOR (RLIN) | |
| Series part designator, SPT (RLIN) | 08/03/2015 |
| b (OCLC) | 10/31/2017 |
| z (OCLC) | Sirsi |
| 996 ## - | |
| -- | 121611 |
| -- | 34301001436346 |
| -- | CD |
| -- | CD |
| -- | wcl |
| -- | i |
| -- | 8 |
| -- | 102.75 |
| -- | .CIRCNOTE. 8 discs |
| -- | recordedbook |
| -- | 333.72 Ges |
| -- | 08/03/2015 |
| -- | 11/18/2019 |
| -- | 11/06/2019 |
| Withdrawn status | Lost status | Source of classification or shelving scheme | Materials specified (bound volume or other part) | Damaged status | Not for loan | Collection code | Home library | Current library | Shelving location | Date acquired | Source of acquisition | Cost, normal purchase price | Total Checkouts | Full call number | Barcode | Date last seen | Date checked out | Cost, replacement price | Price effective from | Koha item type |
|---|---|---|---|---|---|---|---|---|---|---|---|---|---|---|---|---|---|---|---|---|
| Dewey Decimal Classification | .CIRCNOTE. 8 discs | Audiobooks | Wasatch County Library | Wasatch County Library | Second Floor | 08/03/2015 | 102.75 | 9 | CD 333.72 Ges | 34301001436346 | 07/18/2024 | 09/08/2021 | 102.75 | 03/20/2020 | Audiobook on CD |
